000 01864nam a2200157 a 4500
001 000029226
005 20200930055417.0
008 110414s2007 dr ab 000 0 spa d
040 _aDO-SdBNP
_bspa
_cBNPHU
082 _axxxx
_bG943n
245 0 0 _aGuía de negocios en la República Dominicana.
260 _aSanto Domingo :
_bPellerano & Herrera. Abogados,
_c2007.
300 _a66 p. :
_bil., mapas ;
_c28 cm.
505 0 _aContexto cultural, político y económico --
_tInformación general --
_tSituación política y económica --
_tProceso de modernización legal y apertura comercial --
_tSistema monetario y cambiario --
_tMarco monetario y cambiario
_tEl mercado de valores en la República Dominicana --
_tRégimen legal de la inversión extranjera --
_tLavado de activos --
_tPreverción del risgo entidades financiera --
_tImportaciones --
_tComercio internacional--
_tExportaciones --
_tAcceso preferencial al mercado de los Estados Unidos --
_tLey de partidad textil --
_tAcuerdo Lomé / Cotonou --
_tAlianzas regionales --
_tZonas francas --
_tPrincipales sectores de inversión --
_tTurismo --
_tAgricultura --
_tMinería --
_tConstrucción --
_tElectricidad --
_tConstitución e incorporación --
_tTelecomunicaciones --
_tBanca --
_tSeguros --
_tConstitución e incorporación --
_tForma de organización comercial --
_tRégimen tributario --
_tMarco legal de las actividades comerciales --
_tLeyes laborales
_tProtección ambiental --
_tProtección de la propiedad intelectual --
_tTransaciones comerciales --
_tEntrada y salida --
_tMarco legal para las personas extranjeras --
_tAdquisición de la nacionalidad dominicana --
_tAspectos importantes del derecho familiar dominicano --
_tLos extranjeros bajo el derecho penal dominicano --
_tSistema legal y judicial --
_tLitigios --
_tElementos extranjeros ante los tribunales dominicanos --
_tArbitraje --
590 _aInventariado, 2019/LP
999 _c28718
_d28718